Concerti per Violino (Запис номер 515809)
[ съкратено ]
| 000 -Лидер | |
|---|---|
| Лидер | 01445njm a2200301 a 4500 |
| 003 - Код на организацията, давaща контролен номер | |
| Код на организацията, даваща контролен номер | BLK |
| 005 - Дата и час на последна редакция | |
| Дата и час на последна редакция | 20250301005538.0 |
| 007 - Фиксирано поле за физическо описани | |
| Физическо описание | sd asmalaaahaa |
| 008 - Елементи от данни с фиксирана дължина | |
| Елементи с фиксирана дължина | 221104b bu |||||s|||| 00| | bu d |
| 028 ## - PUBLISHER NUMBER | |
| Издателски номер | 826495 |
| 040 ## - Източник на каталожния запис | |
| Код на библиотеката | BLK |
| 041 ## - Код за език | |
| Език на записа | Немски |
| Език за КДБФ | Немски |
| 080 ## - УДК | |
| УДК текст | Концерт за цигулка и оркестър |
| УДК код | 785.6:787.1 |
| УДК – код + определител | 785.6:787.1(086.72) |
| 100 1# - Редна дума - Автор | |
| R(LIN) | 27390 |
| Автор | Vivaldi, Antonio |
| 245 ## - Сведения за заглавието | |
| Заглавие | Concerti per Violino |
| Авторска отговорност | Vivaldi, Antonio; Staatskapelle Dresden Dir. Vittorio Negri; Arthur Grumiaux, Violine |
| 260 ## - Област на издателските данни | |
| 9 (RLIN) | 215027 |
| Място на издаване | Berlin |
| Име на издателя | Deutsche Schallplatten |
| Година на издаване | 1974 |
| 300 ## - Физическа характеристика | |
| Брой страници | 1 грамофонна плоча |
| Илюстрации | 33 об/мин, стерео |
| Размер | 30 см |
| 380 ## - Жанр | |
| Жанр | Изкуство |
| 490 ## - СЕРИИ (Колекции) | |
| Серия | Eterna |
| 9 (RLIN) | 493861 |
| 500 ## - Общи забележки | |
| Обща забележка | (01) Concerto e-moll RV277 (P106) ,,Il Favorito"<br/>(01a) Allegro<br/>(01b) Andante<br/>(01c) Allegro<br/>(02) Concerto a-moll RV358 (P10)<br/>(02a) Adagio - Presto<br/>(02b) Largo<br/>(02c) Allegro<br/>----<br/>(03) Concerto g-moll RV317 (P343)<br/>(03a) Allegro<br/>(03b) Largo<br/>(03c) Allegro<br/>(04) Concerto E-dur RV271 (P246) ,,L' Amoroso"<br/>(04a) Allegro<br/>(04b) Cantabile<br/>(04c) Allegro |
| 511 ## - Забележка за участници или изпълнители | |
| Забележка за участници | Hans Otto, Cembalo<br/>Instrument: Giuseppe Guarneri del Gesu 1744<br/>Musikregie: Heinz Wegner<br/>Tonregie: Claus Strüben |
| 518 ## - Забележка за време/място на протичане на отразеното събитие | |
| Забележка за време и място на протичане на отразеното събитие | Aufgenommen Juni 1973 im Studio Lukaskirche, Dresden |
| 852 ## - Местоположение | |
| Сигнатура (форматна) | Ф ІІ 1091 |
| Отдел | Хранилище |
| 856 ## - Електронен адрес и достъп | |
| Инструкция (цена за достъп) | 0.00 |
| Права за достъп | disable |
| 942 ## - АРТИКУЛИ | |
| Вид на библиотечния документ | Грамофонни плочи |
| Скрит в OPAC | Не |
| 944 ## - СЪЗДАВАНЕ И РЕДАКЦИЯ на ЗАПИСА | |
| Дата на регистрацията/редакция | Нора Радева |
| Служител, извършил регистрацията/редакцията | |
| Създаване/Редакция | |
| Статус, дата на статуса | CRON CRON |
| 999 ## - СИСТЕМНИ КОНТРОЛНИ НОМЕРА | |
| Koha biblionumber | 515809 |
| Koha biblioitemnumber | 515809 |
| 999 ## - СИСТЕМНИ КОНТРОЛНИ НОМЕРА | |
| Koha biblioitemnumber | 515079 |
| Код за отписване | Код за изгубен артикул | Източник на класификационната схема | Код за повреда | Коз за рестрикции | Код за отдаване | Артикулен № | Име на библиотеката - собственик | Име на библиотеката, в която се намира в момента | Статус (Текущо местоположение) | Дата на вписване в системата | Местоположение - отдел | Цена в лева | Инвентарен номер | Систематично азбучна сигнатура | Баркод | Цена в евро | Служебен тип на артикула |
|---|---|---|---|---|---|---|---|---|---|---|---|---|---|---|---|---|---|
| Не е изгубен | Universal Decimal Classification | Не е повреден | само за читалня | ползва се в читалня | 947404 | Регионална библиотека "Любен Каравелов" Русе | Регионална библиотека "Любен Каравелов" Русе | Хранилище | 2024-08-23 | Основен фонд - ползва се само за читалня | 6.00 | 7349 | Ф ІІ 1091 | 900000106868 | 3.07 | Грамофонни плочи |